[Event "Tournoi MI Condom 2015"]
[Site "Condom"]
[Date "2015.07.11"]
[Round "7.1"]
[White "Vedmediuc, Serghei"]
[Black "Migot, Tangi"]
[Result "1/2-1/2"]
[WhiteElo "2400"]
[BlackElo "2366"]
[PlyCount "160"]
[EventDate "2015.??.??"]

1. e4 e5 2. Nf3 Nc6 3. Bb5 a6 4. Ba4 Nf6 5. O-O Be7 6. Re1 b5 7. Bb3 d6 8. c3
O-O 9. d4 Bg4 10. d5 Na5 11. Bc2 c6 12. h3 Bc8 13. b3 Bb7 14. c4 c5 15. Bd3
bxc4 16. bxc4 Bc8 17. Nc3 Ne8 18. Bd2 g6 19. Rb1 f5 20. Qc2 Nb7 21. Na4 Ra7 22.
Rb3 Bd7 23. Nb6 fxe4 24. Bxe4 Bf5 25. Reb1 Bxe4 26. Qxe4 Ng7 27. Bh6 Qc7 28.
Qe1 Nd8 29. Nd2 Nf7 30. Bxg7 Kxg7 31. Ne4 Nh6 32. g4 Nf7 33. Na4 Qd7 34. Nac3
Bd8 35. Qe2 Ba5 36. Nd1 Qe7 37. Kg2 Ng5 38. Nxg5 Qxg5 39. Rb7+ Rf7 40. Rxa7
Rxa7 41. f3 e4 42. fxe4 Re7 43. e5 Qxe5 44. Qxe5+ Rxe5 45. Rb7+ Kf6 46. Rd7
Re2+ 47. Kf3 Rxa2 48. Rxd6+ Ke5 49. Rxa6 Kd4 50. Ne3 Ra3 51. Re6 Bd2 52. Re4+
Kd3 53. h4 Ra8 54. Ng2 g5 55. hxg5 Bxg5 56. Nf4+ Bxf4 57. Rxf4 Rg8 58. Kg3 h5
59. Kf3 hxg4+ 60. Rxg4 Rf8+ 61. Kg3 Rh8 62. Rf4 Ke3 63. Rh4 Rg8+ 64. Rg4 Rh8
65. Kg2 Kd3 66. Kf3 Rf8+ 67. Kg3 Rh8 68. Rf4 Ke3 69. Rf1 Kd3 70. Rd1+ Kxc4 71.
Kf4 Kb5 72. Ke5 Rh5+ 73. Ke6 Rh6+ 74. Kf5 Rh5+ 75. Kg6 Rh8 76. Kg7 Rd8 77. Kf7
c4 78. Ke7 Rh8 79. d6 Kb4 80. d7 c3 1/2-1/2

[Event "Tournoi MI Condom 2015"]
[Site "Condom"]
[Date "2015.07.11"]
[Round "7.2"]
[White "Bouget, Alexandre"]
[Black "Kukov, Velislav"]
[Result "0-1"]
[WhiteElo "2256"]
[BlackElo "2367"]
[PlyCount "88"]
[EventDate "2015.??.??"]

1. d4 Nc6 2. c4 e5 3. d5 Nce7 4. Nf3 Ng6 5. Nc3 Nf6 6. h4 h5 7. Bg5 Be7 8. e3
Nh7 9. Bxe7 Qxe7 10. d6 Qxd6 11. Qxd6 cxd6 12. Nb5 Ke7 13. Rd1 Nf6 14. Nxd6 Ne8
15. c5 Nxd6 16. cxd6+ Kf6 17. Ng5 b6 18. Ne4+ Kf5 19. g4+ hxg4 20. Bg2 Rb8 21.
Ng3+ Kf6 22. Ne4+ Ke6 23. h5 f5 24. hxg6 Rxh1+ 25. Bxh1 fxe4 26. Bxe4 Bb7 27.
Bc2 Bd5 28. e4 Bc6 29. b4 Rh8 30. Ke2 Bb5+ 31. Bd3 Bxd3+ 32. Rxd3 Rh3 33. Rd1
g3 34. fxg3 Rxg3 35. a4 Rxg6 36. a5 Rg2+ 37. Kd3 bxa5 38. bxa5 Ra2 39. Rg1 Rxa5
40. Rxg7 Kxd6 41. Kc4 Ra4+ 42. Kb5 Rxe4 43. Rg6+ Kd5 44. Ra6 Re1 0-1

[Event "Tournoi MI Condom 2015"]
[Site "Condom"]
[Date "2015.07.11"]
[Round "7.3"]
[White "Grishchenko, Sergey"]
[Black "Fantinel, Thibault"]
[Result "1/2-1/2"]
[WhiteElo "2430"]
[BlackElo "2385"]
[PlyCount "89"]
[EventDate "2015.??.??"]

1. d4 Nf6 2. c4 e6 3. Nc3 Bb4 4. e3 b6 5. Nge2 Ba6 6. Qa4 c5 7. a3 Bxc3+ 8.
Nxc3 O-O 9. dxc5 bxc5 10. Be2 d5 11. cxd5 Bxe2 12. Nxe2 exd5 13. O-O Qd7 14.
Qh4 Nc6 15. b4 cxb4 16. Bb2 Ne4 17. Rad1 bxa3 18. Bxa3 Rfd8 19. f3 Nf6 20. e4
Qb7 21. Ng3 Qb3 22. Ra1 Ne5 23. Nf5 Qb6+ 24. Kh1 Ng6 25. Ne7+ Kh8 26. Nxg6+
fxg6 27. e5 Nd7 28. Bd6 Re8 29. f4 a5 30. Qh3 Nf8 31. Qd3 d4 32. Rfb1 Qa7 33.
Qe4 Ne6 34. Ra3 a4 35. g4 Qf7 36. Rf3 Ra7 37. Qc6 Qd7 38. Qxd7 Rxd7 39. f5 gxf5
40. gxf5 Ng5 41. Rd3 Nf7 42. Rxd4 Nxd6 43. exd6 Kg8 44. Ra1 Red8 45. Raxa4
1/2-1/2

[Event "Tournoi MI Condom 2015"]
[Site "Condom"]
[Date "2015.07.11"]
[Round "7.4"]
[White "Piceu, Tom"]
[Black "Lacroix, Romain"]
[Result "1-0"]
[WhiteElo "2324"]
[BlackElo "2234"]
[PlyCount "77"]
[EventDate "2015.??.??"]

1. c4 Nf6 2. Nc3 e6 3. Nf3 Bb4 4. g3 b6 5. Bg2 Bb7 6. O-O O-O 7. Qc2 d6 8. d3
Nbd7 9. a3 Bxc3 10. Qxc3 e5 11. b4 a5 12. Bb2 Re8 13. Rfe1 Qe7 14. Nxe5 Bxg2
15. Nxd7 Qxd7 16. Kxg2 axb4 17. axb4 Rxa1 18. Bxa1 h5 19. Qd4 Qa4 20. b5 Qc2
21. Kf1 Re6 22. h3 Qd2 23. Bc3 Qg5 24. Kg2 Nd7 25. e3 Nc5 26. f4 Qh6 27. Qd5
Re8 28. Kf3 Qg6 29. e4 Kh7 30. Re3 f6 31. f5 Qg5 32. d4 h4 33. g4 Nd3 34. Rxd3
Qc1 35. Ke2 Qh1 36. e5 Qh2+ 37. Kd1 fxe5 38. f6 Qg1+ 39. Be1 1-0

[Event "Tournoi MI Condom 2015"]
[Site "Condom"]
[Date "2015.07.11"]
[Round "7.5"]
[White "Favarel, Antoine"]
[Black "Belenkaya, Dina"]
[Result "0-1"]
[WhiteElo "2359"]
[BlackElo "2213"]
[PlyCount "62"]
[EventDate "2015.??.??"]

1. Nf3 d5 2. c4 dxc4 3. e4 Nc6 4. Bxc4 e5 5. O-O Bc5 6. Qa4 Qd6 7. Nc3 Bg4 8.
Nb5 Qd7 9. Bxf7+ Kxf7 10. Qc4+ Kg6 11. Nh4+ Kh5 12. Qxc5 Kxh4 13. d4 Nxd4 14.
Nxd4 Qxd4 15. Qxc7 Bd7 16. Be3 Rc8 17. Qxb7 Qa4 18. Qd5 Nf6 19. Qxe5 h6 20.
Qg3+ Kh5 21. Qxg7 Qxe4 22. Qxf6 Rcg8 23. Qf7+ Rg6 24. f3 Qxe3+ 25. Rf2 Qe6 26.
Qf4 Rhg8 27. Rc1 Rg5 28. h3 Qxh3 29. Qf7+ R8g6 30. g4+ Bxg4 31. f4 Bf3+ 0-1

[Event "Tournoi MI Condom 2015"]
[Site "Condom"]
[Date "2015.07.11"]
[Round "8.1"]
[White "Piceu, Tom"]
[Black "Vedmediuc, Serghei"]
[Result "0-1"]
[WhiteElo "2324"]
[BlackElo "2400"]
[PlyCount "36"]
[EventDate "2015.??.??"]

1. d4 g6 2. c4 Bg7 3. Nc3 Nf6 4. e4 d6 5. f3 O-O 6. Be3 c5 7. Nge2 Nc6 8. Qd2
Qa5 9. d5 Ne5 10. Nc1 a6 11. Be2 b5 12. cxb5 axb5 13. Nb3 Qb4 14. Nxb5 Qxb3 15.
axb3 Rxa1+ 16. Bd1 Ba6 17. Nc3 Nd3+ 18. Kf1 Rb8 0-1

[Event "Tournoi MI Condom 2015"]
[Site "Condom"]
[Date "2015.07.11"]
[Round "8.2"]
[White "Lacroix, Romain"]
[Black "Kukov, Velislav"]
[Result "1-0"]
[WhiteElo "2234"]
[BlackElo "2367"]
[PlyCount "83"]
[EventDate "2015.??.??"]

1. d4 Nf6 2. Nf3 d5 3. c4 dxc4 4. e3 b5 5. a4 b4 6. Bxc4 e6 7. O-O Be7 8. Qe2
Bb7 9. Nbd2 Nbd7 10. b3 O-O 11. Bb2 c5 12. Ne5 cxd4 13. Bxd4 Nxe5 14. Bxe5 Qa5
15. Bb2 Qg5 16. e4 Rfd8 17. Rfd1 Qg6 18. f3 Nh5 19. Qe1 Bc5+ 20. Kh1 a6 21. Bf1
Nf4 22. Nc4 Nh3 23. Ne3 Qg5 24. gxh3 Bxe3 25. Bc4 a5 26. Qg3 h6 27. h4 Qxg3 28.
hxg3 Kf8 29. Kg2 Rac8 30. Be5 f6 31. Rxd8+ Rxd8 32. Bc7 Rd2+ 33. Kh3 e5 34.
Bxa5 Bc5 35. Rc1 h5 36. Be6 Ba6 37. g4 hxg4+ 38. Kxg4 Bd6 39. Rc6 Bf1 40. Rxd6
Rxd6 41. Bxb4 Ke7 42. Bc4 1-0

[Event "Tournoi MI Condom 2015"]
[Site "Condom"]
[Date "2015.07.11"]
[Round "8.3"]
[White "Migot, Tangi"]
[Black "Favarel, Antoine"]
[Result "1/2-1/2"]
[WhiteElo "2366"]
[BlackElo "2359"]
[PlyCount "70"]
[EventDate "2015.??.??"]

1. e4 c5 2. Nf3 Nc6 3. d4 cxd4 4. Nxd4 g6 5. c4 Bh6 6. Bxh6 Nxh6 7. Nc3 O-O 8.
Qd2 Nxd4 9. Qxd4 d6 10. h4 Be6 11. Qd2 Kg7 12. h5 Rh8 13. f4 f6 14. O-O-O a6
15. Be2 Rc8 16. g4 Bxc4 17. g5 Nf7 18. gxf6+ exf6 19. Bxc4 Rxc4 20. Rdg1 Qc8
21. Rg3 Rg8 22. hxg6 hxg6 23. Rhg1 Kf8 24. Rxg6 Rxg6 25. Rxg6 Rxe4 26. Rxf6 Re6
27. Qd4 Rxf6 28. Qxf6 Qc5 29. a3 b5 30. Qe6 a5 31. Qd5 Qe3+ 32. Qd2 Qc5 33. Qd5
Qe3+ 34. Qd2 Qc5 35. Qd5 Qe3+ 1/2-1/2

[Event "Tournoi MI Condom 2015"]
[Site "Condom"]
[Date "2015.07.11"]
[Round "8.4"]
[White "Belenkaya, Dina"]
[Black "Grishchenko, Sergey"]
[Result "1/2-1/2"]
[WhiteElo "2213"]
[BlackElo "2430"]
[PlyCount "31"]
[EventDate "2015.??.??"]

1. e4 c6 2. d4 d5 3. exd5 cxd5 4. c4 Nf6 5. Nc3 g6 6. Qb3 Bg7 7. cxd5 O-O 8.
Be2 Nbd7 9. Bf3 Nb6 10. Nge2 Bg4 11. Bxg4 Nxg4 12. a4 Nf6 13. Nf4 a5 14. O-O
Qd6 15. Nb5 Qd7 16. Nc3 1/2-1/2

[Event "Tournoi MI Condom 2015"]
[Site "Condom"]
[Date "2015.07.11"]
[Round "8.5"]
[White "Fantinel, Thibault"]
[Black "Bouget, Alexandre"]
[Result "1-0"]
[WhiteElo "2385"]
[BlackElo "2256"]
[PlyCount "87"]
[EventDate "2015.??.??"]

1. c4 e5 2. Nc3 Nc6 3. g3 g6 4. Bg2 Bg7 5. e4 Nf6 6. Nge2 O-O 7. O-O d6 8. d3
Nh5 9. Rb1 f5 10. exf5 Bxf5 11. h3 Be6 12. b4 Qd7 13. Kh2 Rf7 14. b5 Ne7 15.
Bg5 Raf8 16. Ne4 Nc8 17. Qd2 h6 18. Bxh6 Bxh6 19. Qxh6 Rh7 20. Qxg6+ Kh8 21.
Ng5 Bf5 22. Nxh7 Bxg6 23. Nxf8 Qg7 24. Nxg6+ Qxg6 25. Bxb7 Nb6 26. Be4 Qg5 27.
Rbd1 Na4 28. h4 Qh6 29. f4 Nf6 30. Bf3 Qg6 31. fxe5 dxe5 32. Nc1 Nc5 33. Rfe1
Qf5 34. Rf1 Kg7 35. Be2 Qg6 36. Nb3 Ne6 37. Rf2 Qh6 38. Rdf1 Qe3 39. Rxf6 Qxe2+
40. R1f2 Qg4 41. R6f5 e4 42. Nc5 Qg6 43. Nxe6+ Qxe6 44. Rf7+ 1-0

[Event "Tournoi MI Condom 2015"]
[Site "Condom"]
[Date "2015.07.11"]
[Round "9.1"]
[White "Vedmediuc, Serghei"]
[Black "Lacroix, Romain"]
[Result "1-0"]
[WhiteElo "2400"]
[BlackElo "2234"]
[PlyCount "29"]
[EventDate "2015.??.??"]

1. e4 d6 2. f4 Nf6 3. Nc3 d5 4. e5 d4 5. Nb5 Nd5 6. Nxd4 Nxf4 7. Ndf3 e6 8. d4
Nd5 9. Bd3 c5 10. Ne2 Nc6 11. c3 cxd4 12. Nexd4 Nxd4 13. Nxd4 Qh4+ 14. g3 Qh3
15. Bf1 1-0

[Event "Tournoi MI Condom 2015"]
[Site "Condom"]
[Date "2015.07.11"]
[Round "9.2"]
[White "Kukov, Velislav"]
[Black "Fantinel, Thibault"]
[Result "1/2-1/2"]
[WhiteElo "2367"]
[BlackElo "2385"]
[PlyCount "119"]
[EventDate "2015.??.??"]


1. Nf3 d5 2. e3 Nf6 3. b3 Bg4 4. Bb2 Nbd7 5. Be2 e6 6. c4 c6 7. Nc3 Bd6 8. Qc2
a6 9. d4 Qe7 10. O-O O-O 11. e4 dxe4 12. Nxe4 Nxe4 13. Qxe4 Nf6 14. Qc2 Ba3 15.
Bc3 Bb4 16. Bb2 Ba3 17. Bc3 Bb4 18. h3 Bf5 19. Bxb4 Qxb4 20. Qb2 Rfd8 21. Rfd1
a5 22. a3 Qe7 23. b4 axb4 24. axb4 b5 25. Ne5 Qb7 26. Bf3 Be4 27. Bxe4 Nxe4 28.
c5 Nf6 29. Ra5 Rxa5 30. bxa5 Ra8 31. Ra1 Nd5 32. Nc4 Ra6 33. Nb6 h6 34. Qe2 Qc7
35. g3 Qd8 36. Qe5 Qf6 37. Nd7 Qxe5 38. Nxe5 Nc3 39. Kf1 b4 40. Nd3 b3 41. Ke1
Nb5 42. Kd2 Kf8 43. Ra4 Ra8 44. a6 Ke8 45. Kc1 Nc3 46. Rc4 Nd5 47. Ra4 Nc3 48.
Ra5 Ne2+ 49. Kb2 Nxd4 50. Kc3 Nb5+ 51. Kxb3 Nc7 52. Nb4 Kd7 53. Kc4 Nd5 54. a7
Nxb4 55. Kxb4 Kc7 56. Ra6 Kb7 57. Rb6+ Kc7 58. Ra6 Kb7 59. Rb6+ Kc7 60. Ra6
1/2-1/2

[Event "Tournoi MI Condom 2015"]
[Site "Condom"]
[Date "2015.07.11"]
[Round "9.3"]
[White "Grishchenko, Sergey"]
[Black "Migot, Tangi"]
[Result "1-0"]
[WhiteElo "2430"]
[BlackElo "2366"]
[PlyCount "71"]
[EventDate "2015.??.??"]

1. d4 Nf6 2. c4 g6 3. Nc3 Bg7 4. e4 d6 5. Be2 O-O 6. Be3 e5 7. d5 Na6 8. g4 Nc5
9. Bf3 a5 10. h4 Nfd7 11. h5 Bf6 12. Qd2 Nb6 13. Be2 Bd7 14. g5 Be7 15. b3 c6
16. Nf3 cxd5 17. exd5 Bg4 18. Bxc5 dxc5 19. Ne4 Nc8 20. hxg6 fxg6 21. Nxe5 Bf5
22. Qe3 Bxe4 23. Qxe4 Bxg5 24. Rxh7 Ra6 25. Nxg6 Qf6 26. Rh8+ Kg7 27. Nxf8
Qxa1+ 28. Bd1 Rh6 29. Rxh6 Bxh6 30. Ne6+ Kh8 31. Qh4 Qc3+ 32. Kf1 Qc1 33. Kg2
Nd6 34. Bf3 Nf5 35. Qf6+ Ng7 36. Qf8+ 1-0

[Event "Tournoi MI Condom 2015"]
[Site "Condom"]
[Date "2015.07.11"]
[Round "9.4"]
[White "Favarel, Antoine"]
[Black "Piceu, Tom"]
[Result "1/2-1/2"]
[WhiteElo "2359"]
[BlackElo "2324"]
[PlyCount "81"]
[EventDate "2015.??.??"]

1. c4 e5 2. g3 Nc6 3. Nc3 g6 4. Bg2 Bg7 5. e4 d6 6. d3 Nge7 7. Nge2 O-O 8. O-O
Nd4 9. Nxd4 exd4 10. Ne2 c5 11. Bd2 Rb8 12. b4 a6 13. bxc5 dxc5 14. a4 b5 15.
axb5 axb5 16. cxb5 Rxb5 17. Qc2 Be6 18. Rfb1 Rxb1+ 19. Rxb1 c4 20. Bb4 Re8 21.
Nf4 cxd3 22. Nxd3 Qa8 23. Bd6 Qa6 24. Bxe7 Rxe7 25. Rb8+ Bf8 26. Qb1 Rc7 27.
Bf1 Rc8 28. Nf4 Rxb8 29. Qxb8 Qd6 30. Qa8 Kg7 31. Nxe6+ fxe6 32. Qa7+ Be7 33.
Bd3 Kh6 34. h4 e5 35. Qa2 Qa3 36. Qd2+ Kg7 37. Kg2 Qc3 38. Qe2 Bf6 39. Kh3 Qc1
40. Qf3 h5 41. Kg2 1/2-1/2

[Event "Tournoi MI Condom 2015"]
[Site "Condom"]
[Date "2015.07.11"]
[Round "9.5"]
[White "Bouget, Alexandre"]
[Black "Belenkaya, Dina"]
[Result "1/2-1/2"]
[WhiteElo "2256"]
[BlackElo "2213"]
[PlyCount "34"]
[EventDate "2015.??.??"]

1. e4 c6 2. d4 d5 3. e5 c5 4. dxc5 Nc6 5. Nf3 Bg4 6. c3 e6 7. Be3 a6 8. Nbd2
Nxe5 9. Be2 Nd7 10. Qa4 Ngf6 11. O-O Bxf3 12. Bxf3 Be7 13. c4 O-O 14. cxd5 Nxd5
15. Bxd5 exd5 16. Rac1 Rc8 17. b4 Ne5 1/2-1/2